00720 2200241 4500001002100000005001500021035002000036007000300056008004100059020002200100082001400122084002000136100003800156245010700194260004500301300002300346500002700369650002000396700002000416700002000436990001100456990001100467INLIS00000000000696420210305031343 a0010-0321000334ta210305 g 0 ind  a978-979-22-4583-7 a899.221 3 a899.221 3 ZUB s0 aZUBLI, Rita Ia Fontaine de Clercq1 aSang Penyamar /cRita Ia Fontaine de Clercq Zubli; alih bahasa, Vina Damayanti; editor, Rully Larasati aJakarta :bGramedia Pustaka Utama,c2009 a376 hal. ;c20 cm. aJudul asli : Disguised 4aFIKSI INDONESIA0 aVINA, Damayanti0 aRULLY, Larasati a5014 a a6227 a